|
|
|
|
| LEADER |
00000nam0a2200000 4500 |
| 001 |
288791 |
| 005 |
20231102000126.0 |
| 035 |
|
|
|a (RuTPU)RU\TPU\book\313289
|
| 035 |
|
|
|a RU\TPU\book\110564
|
| 090 |
|
|
|a 288791
|
| 100 |
|
|
|a 20150327d1979 km y0rusy5003 ca
|
| 101 |
0 |
|
|a rus
|
| 102 |
|
|
|a RU
|
| 105 |
|
|
|a ab z 001zy
|
| 200 |
1 |
|
|a Земля раскрывает свои тайны
|f В. Н. Шолпо
|
| 210 |
|
|
|a Москва
|c Недра
|d 1979
|
| 215 |
|
|
|a 160 с.
|c ил.
|d 22 см
|
| 320 |
|
|
|a Объяснения некоторых терминов : с. 154-160.
|
| 606 |
1 |
|
|a Геотектоника
|2 stltpush
|3 (RuTPU)RU\TPU\subj\6228
|9 34162
|
| 610 |
1 |
|
|a тектоника
|
| 610 |
1 |
|
|a земная кора
|
| 610 |
1 |
|
|a эволюция
|
| 610 |
1 |
|
|a эндогенные процессы
|
| 610 |
1 |
|
|a прогнозы
|
| 610 |
1 |
|
|a землетрясения
|
| 610 |
1 |
|
|a Земля
|
| 675 |
|
|
|a 551.24
|v 3
|
| 700 |
|
1 |
|a Шолпо
|b В. Н.
|g Виктор Николаевич
|4 070
|
| 801 |
|
0 |
|a RU
|b 63413507
|c 19950417
|g psbo
|
| 801 |
|
1 |
|a RU
|b 63413507
|c 20060927
|g PSBO
|
| 801 |
|
2 |
|a RU
|b 63413507
|c 20210228
|g PSBO
|
| 942 |
|
|
|c BK
|